| 000 | 00677cam a22002054a 4500 | ||
|---|---|---|---|
| 005 | 20250605164226.0 | ||
| 008 | 250528s ||||||||||||||||||||||||d | ||
| 035 | _a20842 | ||
| 020 | _a9789605690175 | ||
| 040 |
_aGR-AtMCL _bgre _dGR-AtMCL _eAACR2 |
||
| 245 | 1 | _aΠως να κάνετε έναν Ελέφαντα να Χορέψει | |
| 260 |
_bΠαπαδόπουλος, _c2014 |
||
| 300 | _a28 | ||
| 520 | _aΈνα βιβλίο που αποδεικνύει ότι όλα μπορεί να τα καταφέρει κανείς. | ||
| 700 | 1 |
_aΑγγέλου Άγγελος _96816 |
|
| 700 | 1 |
_aΣίνη Έμη _96817 |
|
| 942 | _cBK | ||
| 999 |
_c5924 _d5924 |
||